000 00784nam a2200193Ia 4500
999 _c34817
_d34817
001 628
003 GE_BSU
005 20221222164559.0
008 181216s2001||||ge |||||||||||||| ||geo||
040 _cGE_BSU
080 _a347.1(075.8) კ–64
100 _aკობახიძე, ავთანდილ
_97026
245 _aსამოქალაქო სამართალი :
_bწ. 1. ზოგადი ნაწილი /
_cა. კობახიძე ; რედ. რომან შენგელია.
264 _aთბილისი,
_c2001.
300 _a384 გვ.
653 _aსამოქალაქო სამართლი
700 _aშენგელია, რომან
_eრედაქტორი
_916535
942 _cBK
_2udc